LEADER 00844nam0-22003251i-450 001 990000768740403321 005 20220621085604.0 035 $a000076874 035 $aFED01000076874 035 $a(Aleph)000076874FED01 035 $a000076874 100 $a20001010d1977----km-y0itay50------ba 101 0 $aita 105 $ay-------001yy 200 1 $aColore e immagine$fdi S. Fitzhelaouroff ... [et al.] 210 $aMilano$cKodak$d1977 215 $a67 p.$cill. color.$d30 cm 610 0 $aColore 610 0 $aImmagine 610 0 $aPercezione visiva 676 $a535.6 702 1$aFitzhelaouroff,$bSerge 801 0$aIT$bUNINA$gRICA$2UNIMARC 901 $aBK 912 $a990000768740403321 952 $aTECN C 210$b11711$fFARBC 959 $aFARBC 996 $aCOLORE e immagine$9350159 997 $aUNINA DB $aING01 LEADER 02542oem 2200685 450 001 9910713710003321 005 20201119104123.0 035 $a(CKB)5470000002504588 035 $a(OCoLC)966435424 035 $a(EXLCZ)995470000002504588 100 $a20161219d1993 ua 101 0 $aeng 120 $ab|||||||||||| 121 $a||||||||| 124 $bd 135 $aurcn||||||||| 181 $ccri$2rdacontent 182 $cc$2rdamedia 183 $acr$2rdacarrier 200 10$aProperties and chemical constituents in ground water from permeable Zone D (middle Miocene deposits), Coastal Lowlands Aquifer System, south-central United States /$fby Robert A. Pettijohn, John F. Busby, and Jeffery D. Beckman 210 1$aAustin, Texas :$cU.S. Department of the Interior, U.S. Geological Survey,$d1993. 215 $a1 online resource (17 maps) $ccolor 225 1 $aWater-resources investigations report ;$v92-4105 300 $aIncludes text, location map, 1 cross section, 11 ancillary maps, 10 graphs, and 2 tables. 320 $aIncludes bibliographical references (sheet 1). 517 $aProperties and chemical constituents in ground water from permeable Zone D 606 $aAquifers$zTexas$vMaps 606 $aAquifers$zGulf Coast (U.S.)$vMaps 606 $aAquifers$zMississippi River Valley$vMaps 606 $aGroundwater$zTexas$xComposition$vMaps 606 $aGroundwater$zGulf Coast (U.S.)$xComposition$vMaps 606 $aGroundwater$zMississippi River Valley$xComposition$vMaps 606 $aAquifers$2fast 606 $aGroundwater$xComposition$2fast 607 $aMississippi River Valley$2fast 607 $aTexas$2fast 607 $aUnited States$zGulf Coast$2fast 608 $aMaps.$2fast 608 $aMaps.$2lcgft 615 0$aAquifers 615 0$aAquifers 615 0$aAquifers 615 0$aGroundwater$xComposition 615 0$aGroundwater$xComposition 615 0$aGroundwater$xComposition 615 7$aAquifers. 615 7$aGroundwater$xComposition. 702 $aPettijohn$b Robert A. 702 $aBeckman$b Jeffery D. 702 $aBusby$b John F. 801 0$bCOP 801 1$bCOP 801 2$bOCLCO 801 2$bOCLCF 801 2$bOCLCA 801 2$bGPO 906 $aBOOK 912 $a9910713710003321 996 $aProperties and chemical constituents in ground water from permeable Zone D (middle Miocene deposits), Coastal Lowlands Aquifer System, south-central United States$93342933 997 $aUNINA LEADER 01737oam 2200445 450 001 9910711418203321 005 20181017114905.0 035 $a(CKB)5470000002483863 035 $a(OCoLC)1057269458 035 $a(EXLCZ)995470000002483863 100 $a20181017d2018 ua 0 101 0 $aeng 135 $aurbn||||||||| 181 $ctxt$2rdacontent 182 $cc$2rdamedia 183 $acr$2rdacarrier 200 10$aRisk factors and indicators associated with radicalization to terrorism in the United States $ewhat research sponsored by the National Institute of Justice tells us /$fAllison G. Smith 210 1$aWashington, DC :$cU.S. Department Of Justice, Office of Justice Programs, National Institute of Justice,$d2018. 215 $a1 online resource (iv, 28 pages) 300 $a"June 2018." 300 $a"NCJ 251789." 320 $aIncludes bibliographical references (pages 25-27). 517 $aRisk factors and indicators associated with radicalization to terrorism in the United States 606 $aRadicalization 606 $aRadicalism$xPsychological aspects 606 $aPolitical violence$xPsychological aspects 606 $aTerrorism$xPsychological aspects 615 0$aRadicalization. 615 0$aRadicalism$xPsychological aspects. 615 0$aPolitical violence$xPsychological aspects. 615 0$aTerrorism$xPsychological aspects. 700 $aSmith$b Allison G.$01400666 712 02$aNational Institute of Justice (U.S.), 801 0$bGPO 801 1$bGPO 801 2$bGPO 906 $aBOOK 912 $a9910711418203321 996 $aRisk factors and indicators associated with radicalization to terrorism in the United States$93467997 997 $aUNINA LEADER 03253nam 2200517 450 001 9910829024103321 005 20230725053404.0 010 $a1-61711-760-9 035 $a(CKB)3710000000073428 035 $a(EBL)3404667 035 $a(SSID)ssj0001059920 035 $a(PQKBManifestationID)12397304 035 $a(PQKBTitleCode)TC0001059920 035 $a(PQKBWorkID)11084631 035 $a(PQKB)10691002 035 $a(MiAaPQ)EBC3404667 035 $a(EXLCZ)993710000000073428 100 $a20090702h20102010 uy| 0 101 0 $aeng 135 $aur|n|---||||| 181 $ctxt 182 $cc 183 $acr 200 00$aKeratoconus & keratoectasia $eprevention, diagnosis, and treatment /$fedited by Ming Wang ; co-editor, Tracy S. Swartz ; foreword by Daniel S. Durrie 210 1$aThorofare, NJ :$cSLACK Incorporated,$d[2010] 210 4$dİ2010 215 $a1 online resource (203 p.) 300 $aDescription based upon print version of record. 311 $a1-55642-913-4 320 $aIncludes bibliographical references and index. 327 $aAnatomy, physiology, and molecular biology / Ashkan M. Abbey and Sonia H. Yoo -- Clinical biomechanics and the ocular response analyzer in ectatic disease / William J. Dupps Jr., Marcella Q. Saloma?o, Renato Ambro?sio Jr. -- Clinical characteristics of keratoconus / Stephen S. Khachikian and Michael W. Belin -- Clinical features of keratoectasia / J. Bradley Randleman -- Keratoectasia : preoperative risk factors and medical and legal considerations / J. Bradley Randleman -- Topography in the diagnosis of keratoconus and keratoectasia / Steven D. Klyce -- Posterior corneal changes / Dora Sztipanovits and Ming Wang -- Corneal evaluation using the artemis VHF digital ultrasound epithelial thickness profiles / Dan Z. Reinstein, Timothy J. Archer, and Marine Gobbe -- Studies of wavefront aberrometry in corneal ectasia / Thomas J. Dingle ... [et al.] -- 327 $aInfrared photorefractive screening / Ying-Ling Ann Chen ... [et al.] -- Assessment of visual performance in keratoconus / Konrad Pesudovs -- Non-surgical treatment of keratoconus using contact lenses / Shawna L. Hill -- Penetrating and lamellar keratoplasty techniques / Soosan Jacob ... [et al.] -- Excimer laser photorefractive keratectomy for keratoconus / Arun C. Gulani ... [et al.] -- Topography-guided excimer laser treatment / Aleksandar Stojanovic and Xiangjun Chen -- Intacs for the treatment of keratoconus and keratectasia / George O. Waring IV ... [et al.] -- Corneal cross-linking with riboflavin and ultraviolet irradiation / Ronald R. Krueger, Karolinne Maia Rocha, and Mirko R. Jankov II -- New and future treatments : excimer laser lamellar keratoplasty and advanced cross-linking / Leopoldo Spadea ... [et al.]. 517 3 $aKeratoconus and keratoectasia 606 $aKeratoconus 615 0$aKeratoconus. 676 $a617.7/19 701 $aWang$b Ming X.$f1960-$01596771 701 $aSwartz$b Tracy Schroeder$01596772 701 $aDurrie$b Daniel S$01596773 801 0$bMiAaPQ 801 1$bMiAaPQ 801 2$bMiAaPQ 906 $aBOOK 912 $a9910829024103321 996 $aKeratoconus & keratoectasia$93918276 997 $aUNINA